Documents on Contemporary Dervish Communities (Record no. 9850)

MARC details
000 -LEADER
fixed length control field 00648nam a2200241 a 4500
020 ## - INTERNATIONAL STANDARD BOOK NUMBER
ISBN
082 00 - DEWEY DECIMAL CLASSIFICATION NUMBER
Classification number 297.4
Author Cutter DAV
100 ## - MAIN ENTRY--AUTHOR NAME
Author name Davidson, Roy Weaver
245 ## - TITLE STATEMENT
Title Documents on Contemporary Dervish Communities
260 ## - PUBLICATION, DISTRIBUTION, ETC. (IMPRINT)
Place of publication London
Name of publisher Octagon Press
Year of publication 1982
300 ## - PHYSICAL DESCRIPTION
Number of Pages 28p
500 ## - GENERAL NOTE
General note includes index and biblioraphy
505 2# - FORMATTED CONTENTS NOTE
Formatted contents note English Rendering Muhammad Akbnar Muradpuri, Abul Aziz Kamal
650 ## - SUBJECT ADDED ENTRY--TOPICAL TERM
Topical Term Sufism-Orders
942 ## - ADDED ENTRY ELEMENTS (KOHA)
Koha item type Books
700 1# -
-- Davidson, Roy Weaver
Holdings
Collection code Home library Current library Date acquired Cost, normal purchase price Full call number Accession Number Koha item type
  Henry Martyn Institute Library Henry Martyn Institute Library 09/06/2007 170.00 297.4 DAV 018552 Books
                   Copyright © 2026 | Henry Martyn Institute | Hyderabad | TS-500052 | INDIA | Implemented by hmi.edu.in
Hit-Count:

Powered by Koha